Fr. Conceicao Rodrigues College of Engineering

Latex for begineers (Record no. 28524)

MARC details
000 -LEADER
fixed length control field 00329nam a2200157Ia 4500
082 ## - DEWEY DECIMAL CLASSIFICATION NUMBER
Item number NAM
100 ## - MAIN ENTRY--PERSONAL NAME
Personal name Nambudiripad/K.B.M
245 ## - TITLE STATEMENT
Title Latex for begineers
260 ## - PUBLICATION, DISTRIBUTION, ETC.
Name of publisher, distributor, etc. Narosa Publication House
Date of publication, distribution, etc. 2014
366 ## - TRADE AVAILABILITY INFORMATION
Publishers's discount category 25
546 ## - LANGUAGE NOTE
Language note ENGLISH
-- Computers
650 ## - SUBJECT ADDED ENTRY--TOPICAL TERM
Topical term or geographic name entry element LATEX
654 ## - SUBJECT ADDED ENTRY--FACETED TOPICAL TERMS
Focus term LATEX
942 ## - ADDED ENTRY ELEMENTS (KOHA)
Koha item type BOOK
Holdings
Withdrawn status Lost status Damaged status Not for loan Collection Home library Current library Date acquired Source of acquisition Cost, normal purchase price Inventory number Total Checkouts Full call number Barcode Date last seen Date last checked out Cost, replacement price Price effective from Koha item type
        CRC Fr. Agnel's C.Rodrigues College of Engineering Fr. Agnel's C.Rodrigues- College of Engineering 17/03/2023 Allied Publishers 296.25 1628 dt 17.03.2016 1 NAM 24140 18/09/2023 08/09/2023 395.00   BOOK